LEADER 00883nam a2200217 i 4500 001 000000150704 003 CaOOAMICUS 005 20060607000000.0 008 060607s1959 it u000 u ita u 013 $a128042 040 $aSeMil$bita 100 1 $aSoffici, Ardengo.$0(OLS)http://semarc/name/7202 245 10$aIgnoto toscano ; Lemmonio boreo ; Arlecchino ; La giostra dei sensi ; Salti nel tempo ; Itinerario inglese. 300 $a765 p. 500 $aFondo Ciprandi. 773 0 $aSoffici, Ardengo$tOpere.$dFirenze : Vallecchi, 1959-[196-]?.$g2$w()15525 850 $aSeMil 852 $aSeMil$W1$xVenegono$y1$m1C III 95$j102788$B102788$CSeMilBibl$Z2$F111731 $81 941 1 $a1 961 $aOmaggio: Ciprandi dott. Paolo 996 $6245$aIgnoto toscano ; Lemmonio boreo ; Arlecchino ; La giostra dei sensi ; Salti nel tempo ; Itinerario inglese$9(OLS)http://semarc/title/220278 LEADER 01086nam a2200241 i 4500 001 000000046553 003 CaOOAMICUS 005 20251028145517.0 008 120213s1886 it u000 u ita u 013 $a17723 040 $aSeMil$bita 100 1 $aBuschi, Averardo.$0(OLS)http://semarc/name/23156 245 10$aAverardo Buschi e le sue poesie /$ccon prefazione e disegni di Gaetano Crespi. 260 $aMilano :$bTip. Bernardoni di C. Rebeschini e C.,$c1886. 300 $a126 p. :$bill. ;$c20 cm. 500 $aSul front.: Pubblicazione a beneficio della Pia istituzione per la cura climatica ai fanciulli 650 4$aPoesia italiana - Sec. 19.-20.$0(OLS)http://semarc/subject/9876 700 1 $aCrespi, Gaetano,$d<1852-1913>.$0(OLS)http://semarc/name/23157 850 $aSeMil 852 $aSeMil$W1$xVenegono$y1$m1S VI 40 FA$j12708$B12708$CSeMilBibl$Z2$F12708 $8I 996 $6245$aAverardo Buschi e le sue poesie$9(OLS)http://semarc/title/69648 996 $6260$aMilano :$bTip. Bernardoni di C. Rebeschini e C.$9(OLS)http://semarc/publisher/40805